000 00396nam a2200181Ia 4500
005 20250423100759.0
008 250422s9999 xx 000 0 und d
020 _a9789784950794
050 _aPR 9199.4 .J46 R43/
100 _aNwokeji, Thelma
245 0 _aRed nest
260 _aAbuja
260 _bMazariya
260 _c2010
300 _a124 p
650 _aLiterature
942 _cBK
999 _c34318
_d34318